Developments in the Analysis of Lipids

Salvato in:
Dettagli Bibliografici
Autore principale: Tyman, J.H.P
Altri autori: Gordon, M.H
Natura: Libro
Lingua:inglese
Pubblicazione: Washington Royal Society of Chemistry 1994
Soggetti:
Accesso online:Visualizza in OPAC
Tags: Aggiungi Tag
Nessun Tag, puoi essere il primo ad aggiungerne!!

MARC

LEADER 00000pam a2200000 a 4500
005 20260127134109.0
008 050228s1997 dcua b 101 0 eng
020 |a 0851869718 
035 |a vtls001514827 
039 9 |a 200503020851  |b mschk03  |c 200502281223  |d mschk03  |y 200502281046  |z mschk03 
040 |a STUSCHK1  |b slo  |c STUSCHK1 
100 |a Tyman, J.H.P. 
245 0 0 |a Developments in the Analysis of Lipids 
260 |a Washington  |b Royal Society of Chemistry  |c 1994 
300 |a 206 s. 
650 0 |a Analysis of Lipids 
700 1 |a Gordon, M.H. 
919 |a 0-85186-971-8 
999 |c 4011  |d 4011